| 000 | 00539nam a2200169 a 4500 | ||
|---|---|---|---|
| 001 | 000049176 | ||
| 005 | 20201002061718.0 | ||
| 008 | 190725s1982 dr a 000 spa d | ||
| 020 | _a0891589775 | ||
| 040 |
_aDO-SdBNP _bspa _cBNPHU |
||
| 082 |
_axxx _bW631t |
||
| 100 |
_aWiarda, Howard J. _947980 |
||
| 245 | 0 |
_aThe Dominican Republic :. : _ba caribbean crucible / _cHoward J. Wiarda, Michael J. Kryzanek. |
|
| 260 |
_aBoulder, Colorado, : _bWestview Press, _c1982. |
||
| 300 |
_a153 p. : _bil ; _c23 cm. |
||
| 590 | _aInventariado, 2019 / DG | ||
| 999 |
_c48664 _d48664 |
||